00920nam a2200289 i 45000010005000000030009000050050017000140080039000310150017000700350021000870400028001080410007001360460009001430800014001520800012001661000031001782450121002092600046003303000026003763800017004023880014004194900066004335040014004996550030005136500021005438300066005641341KOSZ 00520200407144356.0020718s1976 pl f f |000 0 pol aPB 1978/3292 a(OCoLC)830339561 aWA NcWA NdKOSZ 005/EG0 aru k1976 a811.161.3 a(075.8)1 aSzyćko, Eleonora.eAutor10aJęzyk rosyjski dla lektoratów pierwszych lat studiów dziennych, wieczorowych i zaocznych /cEleonora Szyćko. aKoszalin :bWydaw. Uczelniane WSI,c1976. a[5], 103 s. ;c24 cm. aKsiążki. a1945-19891 aSkrypty / Wyższa Szkoła Inżynierska w Koszalinie ;v6/6. aBibliogr. 4aPodręczniki akademickie 4aJęzyk rosyjski 0aSkrypty - Wyższa Szkoła Inżynierska w Koszalinie ;v6/6.